00898 2200301 4500001002100000005001500021035002000036007000300056008004100059020002200100040002200122082001400144084001600158090002200174100002900196245007500225250003200300300004900332650001800381850001200399504002900411264003800440336002100478337003000499338002300529999002200552990002200574INLIS00000000089644620250522105427 a0010-0525000692ta250522s2025 yoia g ind d a978-623-7554-37-0 aYOPDYOGbinderda04223a793.3 a793.3 AST t aCB-D.11 2025-10150 aAstutiningsihePengarang10aTari kecak :bpertunjukan spiritual dari pulau dewata /cAstutiningsih aCetakan Pertama, Maret 2025 ax, 104 halaman :bilustrasi, gambar ;c21 cm 4aTarian daerah aYOPDYOG aBibliografi: halaman 10331aYogyakarta :bHistokultura,c2025 2rdacontentateks 2rdamediaatanpa perantara 2rdacarrieravolume aCB-D.11/2025-1015 aCB-D.11/2025-1015